[Event "XII Weekend U16"]
[Site "Porto Sant'Elpidio ITA"]
[Date "2009.11.29"]
[Round "6"]
[White "Nespeca, Giacomo"]
[Black "Ramundi, Lorenzo"]
[Result "0-1"]
[WhiteElo "1371"]
[BlackElo "1476"]
[PlyCount "98"]
[EventDate "2009.11.21"]

1. d4 d5 2. Nf3 Bf5 3. Nc3 Nf6 4. g3 e6 5. Bg2 Be7 6. O-O O-O 7. Bd2 Nc6 8. Re1
Re8 9. e3 Bd6 10. Ne5 Nxe5 11. dxe5 Bxe5 12. e4 Bxc3 13. exf5 Bxd2 14. Qxd2
exf5 15. Rxe8+ Qxe8 16. Re1 Qd7 17. Re5 c6 18. Qd3 g6 19. Qe2 Re8 20. Rxe8+
Qxe8 21. Qxe8+ Nxe8 22. Kf1 Nf6 23. Ke2 Ne4 24. Bxe4 fxe4 25. f3 exf3+ 26. Kxf3
Kg7 27. Ke3 Kf6 28. Kd4 Ke6 29. c4 dxc4 30. Kxc4 Kd6 31. a4 b6 32. b3 a6 33. b4
b5+ 34. Kb3 Kd5 35. a5 c5 36. bxc5 Kxc5 37. Kc3 b4+ 38. Kb3 Kb5 39. Kb2 Kxa5
40. Kb3 Kb5 41. Kb2 Kc4 42. Kc2 a5 43. Kb2 a4 44. Ka2 b3+ 45. Ka1 a3 46. Kb1
Kc3 47. Ka1 b2+ 48. Kb1 Kb3 49. h4 a2# 0-1

[Event "LXIX C.to Italiano spareggi 1-2"]
[Site "Sarre ITA"]
[Date "2009.12.04"]
[Round "1"]
[White "Ortega, Lexy"]
[Black "Godena, Michele"]
[Result "1-0"]
[WhiteElo "2459"]
[BlackElo "2537"]
[PlyCount "150"]
[EventDate "2009.12.04"]

1. d4 d5 2. Nf3 Nf6 3. c4 dxc4 4. e3 Be6 5. Na3 Bd5 6. Nxc4 e6 7. Bd3 c5 8. O-O
Nc6 9. Ncd2 Bxf3 10. Nxf3 cxd4 11. Qb3 Qb6 12. Bb5 a6 13. Bxc6+ Qxc6 14. Nxd4
Qd5 15. Qxd5 Nxd5 16. e4 Nf6 17. f3 Bd6 18. Be3 Ke7 19. Rac1 Rhc8 20. Nb3 Nd7
21. Na5 b6 22. Nc6+ Ke8 23. b4 Nb8 24. Rfd1 Rxc6 25. Rxc6 Nxc6 26. Rxd6 Rc8 27.
Bxb6 Nxb4 28. a3 Rc6 29. Rd8+ Ke7 30. Rb8 Nd3 31. Bd8+ Kd7 32. Bg5 h6 33. Rd8+
Kc7 34. Rxd3 hxg5 35. Kf2 Rc2+ 36. Kg3 Ra2 37. Kh3 Kc6 38. g3 f6 39. f4 gxf4
40. gxf4 a5 41. Kg3 a4 42. h4 Rb2 43. Kg4 Rb3 44. Rd8 Rxa3 45. Kh5 Rg3 46. f5
exf5 47. exf5 Rb3 48. Ra8 Kb5 49. Kg6 Rg3+ 50. Kh5 Rc3 51. Rb8+ Ka5 52. Ra8+
Kb4 53. Rb8+ Ka3 54. Rb7 Rg3 55. Ra7 Rf3 56. Kg6 Rg3+ 57. Kh5 Rf3 58. Kg6 Rg3+
59. Kh5 Rf3 60. Kg6 Rf4 61. Kxg7 Rxf5 62. Kg6 Rb5 63. h5 f5 64. h6 Rb6+ 65. Kg5
f4 66. h7 Rb8 67. Kxf4 Kb3 68. Rb7+ Rxb7 69. h8=Q Rb4+ 70. Ke3 a3 71. Qg8+ Kb2
72. Qg7+ Kb1 73. Qc3 Rb7 74. Qxa3 Rb2 75. Kd3 Rb7 1-0

[Event "LXIX C.to Italiano spareggi 1-2"]
[Site "Sarre ITA"]
[Date "2009.12.04"]
[Round "2"]
[White "Godena, Michele"]
[Black "Ortega, Lexy"]
[Result "0-1"]
[WhiteElo "2537"]
[BlackElo "2459"]
[PlyCount "92"]
[EventDate "2009.12.04"]

1. e4 c6 2. d4 d5 3. Nd2 dxe4 4. Nxe4 Nd7 5. Nf3 Ngf6 6. Ng3 e6 7. Bd3 c5 8.
O-O Qc7 9. Re1 cxd4 10. Nxd4 a6 11. Nh5 Nc5 12. Nxf6+ gxf6 13. Bf1 h5 14. Qf3
Be7 15. Bd2 Bd7 16. b4 Na4 17. c4 Rd8 18. c5 e5 19. Nb3 Bc6 20. Qe3 Qd7 21. f4
e4 22. Rad1 Nb2 23. Rb1 Nd3 24. Red1 Rg8 25. Bc3 Qf5 26. Nd4 Rxd4 27. Bxd4 Nxf4
28. Rb2 h4 29. Re1 Kf8 30. a4 Rg6 31. b5 axb5 32. axb5 Bd5 33. c6 bxc6 34. b6
Bd6 35. Bc5 Bxc5 36. Qxc5+ Kg7 37. b7 e3 38. Qxe3 Bxg2 39. Bxg2 h3 40. b8=Q
Nxg2 41. Qeg3 Nxe1 42. Rf2 Nf3+ 43. Kf1 Qd3+ 44. Re2 Nd2+ 45. Ke1 Rxg3 46. hxg3
h2 0-1

[Event "LXIX C.to Italiano spareggi 3-5"]
[Site "Sarre ITA"]
[Date "2009.12.04"]
[Round "1"]
[White "Rombaldoni, Denis"]
[Black "D'Amore, Carlo"]
[Result "1/2-1/2"]
[WhiteElo "2504"]
[BlackElo "2489"]
[PlyCount "119"]
[EventDate "2009.12.04"]

1. e4 e5 2. Nf3 Nc6 3. d4 exd4 4. Nxd4 Bc5 5. Be3 Qf6 6. c3 Nge7 7. Bc4 b6 8.
O-O O-O 9. Qd2 Bb7 10. b4 Bxd4 11. cxd4 Qg6 12. f3 d5 13. exd5 Nb8 14. Nc3 Nd7
15. Bf4 Rac8 16. Rfe1 Rfe8 17. Bb5 c6 18. dxc6 Nxc6 19. Bxc6 Rxe1+ 20. Rxe1
Qxc6 21. Ne4 Rd8 22. Nd6 Nf6 23. Nxb7 Qxb7 24. Be5 Qe7 25. b5 h6 26. a4 Re8 27.
Bg3 Qd7 28. Rxe8+ Nxe8 29. d5 Nf6 30. d6 Qe6 31. h3 Nd7 32. Qd4 f6 33. a5 Kf7
34. Qc3 g5 35. Qc7 h5 36. Qxa7 h4 37. Bf2 Qxd6 38. axb6 Qd5 39. b7 Qxb5 40.
b8=Q Qxb8 41. Qxd7+ Kg6 42. Qd3+ Kf7 43. Bd4 Qd6 44. Qc4+ Kg6 45. Bc5 Qd1+ 46.
Kh2 Qd8 47. Qe6 Qc7+ 48. Bd6 Qc3 49. Qg8+ Kf5 50. Qh7+ Ke6 51. Qe7+ Kd5 52. Bb8
Qb2 53. Qe4+ Kc5 54. Bc7 Qb3 55. Bd8 Qb8+ 56. f4 Qxd8 57. Qc2+ Kb6 58. Qb3+ Kc5
59. Qc3+ Kb5 60. Qb3+ 1/2-1/2

[Event "LXIX C.to Italiano spareggi 3-5"]
[Site "Sarre ITA"]
[Date "2009.12.04"]
[Round "2"]
[White "Bruno, Fabiano"]
[Black "Rombaldoni, Denis"]
[Result "1/2-1/2"]
[WhiteElo "1308"]
[BlackElo "2504"]
[PlyCount "66"]
[EventDate "2009.12.04"]

1. d4 Nf6 2. Nf3 d5 3. e3 c6 4. c4 a6 5. Bd3 dxc4 6. Bxc4 b5 7. Bb3 e6 8. O-O
c5 9. a4 Bb7 10. axb5 axb5 11. Rxa8 Bxa8 12. dxc5 Qxd1 13. Bxd1 Be4 14. Nc3 Bd3
15. Re1 Nfd7 16. b4 Nc6 17. Ba3 Be7 18. Be2 Bxe2 19. Rxe2 Bxc5 20. bxc5 b4 21.
Bxb4 Nxb4 22. Rb2 Nd3 23. Ra2 Ke7 24. c6 Nb4 25. Ra4 Nxc6 26. g4 Rb8 27. h3 Rb3
28. Ne2 Nde5 29. Nxe5 Nxe5 30. Ra7+ Kf8 31. Kg2 Rb2 32. Ra8+ Ke7 33. Ra7+ Kf8
1/2-1/2

[Event "LXIX C.to Italiano spareggi 3-5"]
[Site "Sarre ITA"]
[Date "2009.12.04"]
[Round "3"]
[White "Bruno, Fabiano"]
[Black "D'Amore, Carlo"]
[Result "0-1"]
[WhiteElo "1308"]
[BlackElo "2489"]
[PlyCount "100"]
[EventDate "2009.12.04"]

1. d4 d5 2. Bf4 Nf6 3. e3 c5 4. c3 e6 5. Nd2 Bd6 6. Bg3 O-O 7. Bd3 b6 8. Ngf3
Ba6 9. Bc2 Nc6 10. Ne5 Qc7 11. f4 Rac8 12. Rc1 g6 13. h3 Nh5 14. Bh2 cxd4 15.
exd4 f6 16. Nxc6 Bxf4 17. Bxf4 Qxf4 18. Ne7+ Kf7 19. Qf3 Kxe7 20. Qxf4 Nxf4 21.
Kf2 Ne2 22. Rcd1 Nxd4 23. Bb3 Nxb3 24. axb3 Rc7 25. Rhe1 Rd8 26. Nf3 e5 27. g4
Bc8 28. g5 e4 29. gxf6+ Kxf6 30. Nd4 Bxh3 31. Nb5 Rf7 32. Kg3 Bf5 33. Kf4 Rdd7
34. b4 g5+ 35. Ke3 h5 36. Nd4 Bg4 37. Rd2 Kg6 38. Rg1 Rf6 39. Rdg2 Re7 40. Rg3
Re5 41. b5 Bd7 42. b3 g4 43. c4 dxc4 44. bxc4 Kg5 45. Ra1 Rf3+ 46. Nxf3+ exf3+
47. Kd4 Kf4 48. Rgg1 f2 49. Rh1 g3 50. Rhc1 g2 0-1

[Event "C.to Regionale Valle d'Aosta"]
[Site "Sarre ITA"]
[Date "2009.11.27"]
[Round "1"]
[White "Ciuffoletti, Paolo"]
[Black "Pierantoni, Mauro"]
[Result "1-0"]
[WhiteElo "2190"]
[BlackElo "1727"]
[PlyCount "55"]
[EventDate "2009.11.27"]

1. e4 e6 2. d4 d5 3. e5 c5 4. c3 Nc6 5. Nf3 Qb6 6. a3 Bd7 7. b4 cxd4 8. cxd4
Rc8 9. Bb2 Nge7 10. Nc3 Nxb4 11. axb4 Qxb4 12. Qd2 a6 13. Bd3 Nc6 14. Na2 Qb3
15. O-O Nb4 16. Nxb4 Bxb4 17. Qe2 O-O 18. Rfb1 a5 19. Bc1 Qc3 20. Bd2 Qc7 21.
Bxb4 axb4 22. Rxb4 Bc6 23. Rb3 Qa5 24. Bxh7+ Kxh7 25. Ng5+ Kg8 26. Qh5 Rfe8 27.
Qxf7+ Kh8 28. Rh3# 1-0

[Event "C.to Regionale Valle d'Aosta"]
[Site "Sarre ITA"]
[Date "2009.11.27"]
[Round "1"]
[White "Scalfi, Agostino"]
[Black "Marguerettaz, Davy"]
[Result "0-1"]
[WhiteElo "1550"]
[BlackElo "2072"]
[PlyCount "36"]
[EventDate "2009.11.27"]

1. e4 e5 2. Bc4 Nc6 3. c3 Nf6 4. d4 exd4 5. Bg5 h6 6. Bh4 Be7 7. f3 O-O 8. Bf2
d5 9. exd5 Nxd5 10. Bxd4 Nxd4 11. Qxd4 c6 12. Ne2 Bh4+ 13. g3 Bf6 14. Qd3 Qb6
15. Nd2 Ne3 16. Nd4 Bxd4 17. cxd4 Qxb2 18. Rb1 Qxd4 0-1

[Event "C.to Regionale Valle d'Aosta"]
[Site "Sarre ITA"]
[Date "2009.11.27"]
[Round "1"]
[White "Serrajotto, Marino"]
[Black "Guerrieri, Lorenzo"]
[Result "0-1"]
[WhiteElo "1748"]
[BlackElo "2199"]
[PlyCount "42"]
[EventDate "2009.11.27"]

1. e4 e5 2. Nf3 Nc6 3. Bb5 a6 4. Bxc6 dxc6 5. Nc3 f6 6. d4 exd4 7. Qxd4 Qxd4 8.
Nxd4 Bd7 9. a3 O-O-O 10. Be3 Bd6 11. O-O-O Ne7 12. f3 c5 13. Nde2 Rhe8 14. Nf4
Nf5 15. exf5 Rxe3 16. Nfd5 Ree8 17. g4 Bc6 18. Kb1 Be5 19. Rhf1 Rd7 20. Rd3 c4
21. Rd2 Bxc3 0-1

[Event "C.to Regionale Valle d'Aosta"]
[Site "Sarre ITA"]
[Date "2009.11.27"]
[Round "1"]
[White "Yeuillaz, Corrado"]
[Black "Belabbas, Abdellah"]
[Result "1-0"]
[WhiteElo "2200"]
[BlackElo "1879"]
[PlyCount "53"]
[EventDate "2009.11.27"]

1. d4 Nf6 2. c4 e6 3. Nc3 Bb4 4. Bg5 d5 5. Qa4+ Nc6 6. Nf3 O-O 7. e3 Bd7 8. Qc2
h6 9. Bh4 Re8 10. a3 Bxc3+ 11. Qxc3 a5 12. Rc1 g5 13. Bg3 Ne4 14. Qc2 h5 15. h4
g4 16. Ng5 Nxg5 17. hxg5 Qxg5 18. Bf4 Qg6 19. Bd3 f5 20. cxd5 exd5 21. Qc5 Rac8
22. Qxd5+ Be6 23. Qc5 Rcd8 24. Bxc7 Rd7 25. Bf4 Nxd4 26. exd4 Bc4+ 27. Kd2 1-0

[Event "C.to Regionale Valle d'Aosta"]
[Site "Sarre ITA"]
[Date "2009.11.28"]
[Round "2"]
[White "Guerrieri, Lorenzo"]
[Black "Ciuffoletti, Paolo"]
[Result "1-0"]
[WhiteElo "2199"]
[BlackElo "2190"]
[PlyCount "77"]
[EventDate "2009.11.27"]

1. e4 g6 2. d4 Bg7 3. Nc3 c6 4. Be3 d5 5. f3 dxe4 6. fxe4 Nf6 7. h3 Qa5 8. Qd2
O-O 9. Nf3 b5 10. Bd3 b4 11. Ne2 c5 12. e5 Nd5 13. Bh6 Nc6 14. h4 f6 15. h5 g5
16. Bxg7 Kxg7 17. Nxg5 fxg5 18. Qxg5+ Kh8 19. Qh6 Bf5 20. O-O e6 21. Bxf5 exf5
22. Qxc6 Ne3 23. Rf3 Rac8 24. Qh6 Nxc2 25. Rc1 cxd4 26. Rxc2 Qxe5 27. Rxc8 Rxc8
28. Qf4 Qxf4 29. Nxf4 Rc1+ 30. Rf1 Rc2 31. Rf2 Rc1+ 32. Kh2 Rd1 33. Rf3 Kg7 34.
Rd3 Rxd3 35. Nxd3 a5 36. Kg3 Kf6 37. Kf4 h6 38. Nc5 a4 39. b3 1-0

[Event "C.to Regionale Valle d'Aosta"]
[Site "Sarre ITA"]
[Date "2009.11.28"]
[Round "2"]
[White "Marguerettaz, Davy"]
[Black "Yeuillaz, Corrado"]
[Result "1-0"]
[WhiteElo "2072"]
[BlackElo "2200"]
[PlyCount "163"]
[EventDate "2009.11.27"]

1. e4 d5 2. exd5 Qxd5 3. Nc3 Qd6 4. d4 Nf6 5. Nf3 Bg4 6. h3 Bh5 7. g4 Bg6 8.
Ne5 c6 9. Bf4 Qb4 10. Nxg6 hxg6 11. Qd2 e6 12. O-O-O Nbd7 13. Kb1 Bd6 14. a3
Bxf4 15. Qxf4 Qe7 16. Bg2 Nb6 17. Rhe1 O-O-O 18. Ka2 Qc7 19. Qf3 Rd7 20. Ne4
Nxe4 21. Qxe4 Nd5 22. Bf1 Rhd8 23. c3 Qf4 24. Qc2 Nf6 25. b4 Kb8 26. Rb1 Re8
27. Re5 Rd5 28. b5 Rc8 29. bxc6 Rxc6 30. Bg2 Qxd4 31. Bxd5 Nxd5 32. cxd4 Rxc2+
33. Rb2 Rc3 34. h4 Rh3 35. Rb3 Rxh4 36. Rf3 f6 37. Rxe6 Rxg4 38. Rg3 Rxd4 39.
Rxg6 Rd2+ 40. Kb3 a5 41. Rxg7 Rxf2 42. Rd6 Rf5 43. Rdd7 Rf3+ 44. Kb2 Rf2+ 45.
Kc1 Rf1+ 46. Kd2 Rf2+ 47. Ke1 Rf5 48. Rxb7+ Kc8 49. Ra7 Re5+ 50. Kd2 Kb8 51.
Rxa5 Nc7 52. Rxe5 fxe5 53. Re7 Kb7 54. Rxe5 Kc6 55. Rh5 Nd5 56. Kc2 Nc7 57. Kb3
Kb6 58. a4 Na6 59. a5+ Kc6 60. Kc4 Nc7 61. Rh6+ Kb7 62. Rb6+ Ka7 63. Kc5 Ka8
64. Rc6 Kb7 65. Rb6+ Ka8 66. Kc6 Ne6 67. Kd7 Nc5+ 68. Kc8 Ka7 69. Kc7 Na4 70.
Rc6 Nb2 71. Kd6 Nd3 72. Rc4 Ka6 73. Rd4 Nc1 74. Ra4 Nb3 75. Kc6 Nd2 76. Kd5 Nb3
77. Kc4 Nd2+ 78. Kc3 Nf3 79. Re4 Ng5 80. Re5 Nh3 81. Rf5 Ng1 82. Kd2 1-0

[Event "C.to Regionale Valle d'Aosta"]
[Site "Sarre ITA"]
[Date "2009.11.28"]
[Round "2"]
[White "Pierantoni, Mauro"]
[Black "Serrajotto, Marino"]
[Result "0-1"]
[WhiteElo "1727"]
[BlackElo "1748"]
[PlyCount "114"]
[EventDate "2009.11.27"]

1. b4 Nf6 2. Bb2 e6 3. b5 b6 4. e3 Bb7 5. Nf3 d5 6. Be2 c5 7. O-O Bd6 8. c4
Nbd7 9. d4 Rc8 10. Qa4 dxc4 11. Ne5 Qc7 12. f4 cxd4 13. Nxc4 dxe3 14. Nxd6+
Qxd6 15. Rd1 Nd5 16. Bf3 Nc5 17. Qd4 Qxf4 18. Qxg7 Ke7 19. Be5 Qf5 20. Bxd5
Bxd5 21. Rf1 Qg6 22. Qxg6 hxg6 23. Bxh8 Rxh8 24. Re1 e2 25. Nd2 Nd3 26. Rxe2
Nf4 27. Rf2 Nd3 28. Rff1 Rc8 29. a4 Rc2 30. Nf3 Nf4 31. Rf2 Rc3 32. Ne5 g5 33.
g3 Nh3+ 34. Kf1 Nxf2 35. Kxf2 Rc2+ 36. Ke3 Rc3+ 37. Kd2 Rc7 38. Rc1 Rxc1 39.
Kxc1 f6 40. Nd3 Bb3 41. Nb2 Kd6 42. Kd2 Bd5 43. Kc3 f5 44. Nd3 e5 45. Nf2 g4
46. Nd3 Be4 47. Nf2 Kd5 48. h4 gxh3 49. Nxh3 Bf3 50. Ng5 Bg4 51. Nh7 Ke4 52.
Nf6+ Ke3 53. Nd7 e4 54. Ne5 Kf2 55. Nc6 e3 56. Nxa7 e2 57. a5 e1=Q+ 0-1

[Event "C.to Regionale Valle d'Aosta"]
[Site "Sarre ITA"]
[Date "2009.11.28"]
[Round "3"]
[White "Belabbas, Abdellah"]
[Black "Scalfi, Agostino"]
[Result "1/2-1/2"]
[WhiteElo "1879"]
[BlackElo "1550"]
[PlyCount "78"]
[EventDate "2009.11.27"]

1. d4 Nf6 2. Nc3 e6 3. a3 b6 4. e4 Bb7 5. f3 d5 6. Bd3 c5 7. exd5 Nxd5 8. Nxd5
Bxd5 9. Be3 c4 10. Be2 Bd6 11. Nh3 Nc6 12. O-O Qc7 13. f4 Qe7 14. c3 Qf6 15.
Qa4 a6 16. Bxc4 O-O 17. Bxd5 b5 18. Qb3 Na5 19. Qa2 exd5 20. Qxd5 Nc4 21. Bc1
Rae8 22. Ng5 Qg6 23. f5 Qh5 24. h3 Qe2 25. Qf3 Qc2 26. Qh5 h6 27. Nf3 Re2 28.
Nd2 Qe4 29. Nf3 Ne3 30. Bxe3 Qxe3+ 31. Kh1 Re8 32. Rae1 Qf4 33. Ne5 Bxe5 34.
dxe5 Qxe5 35. Qxe2 Qxe2 36. Rxe2 Rxe2 37. Rb1 h5 38. g4 hxg4 39. hxg4 Kh7
1/2-1/2

[Event "C.to Regionale Valle d'Aosta"]
[Site "Sarre ITA"]
[Date "2009.11.28"]
[Round "3"]
[White "Ciuffoletti, Paolo"]
[Black "Serrajotto, Marino"]
[Result "1-0"]
[WhiteElo "2190"]
[BlackElo "1748"]
[PlyCount "111"]
[EventDate "2009.11.27"]

1. e4 d5 2. exd5 Qxd5 3. Nc3 Qd6 4. d4 Nf6 5. Nf3 a6 6. Ne5 Nc6 7. Nxc6 Qxc6 8.
d5 Qd6 9. Be2 e6 10. dxe6 Qxd1+ 11. Bxd1 Bxe6 12. Bf3 c6 13. O-O Be7 14. Bf4
O-O 15. Na4 Rad8 16. b3 Nd5 17. Bxd5 Rxd5 18. c4 Rdd8 19. c5 Bf6 20. Rad1 Bg4
21. f3 Bf5 22. Bd6 Rfe8 23. Kf2 Re6 24. Rfe1 Rde8 25. Rxe6 Bxe6 26. Re1 Bd4+
27. Kf1 Bf6 28. Re4 Rd8 29. Rb4 Rd7 30. Ke2 Bd8 31. Nb6 Bxb6 32. Rxb6 f6 33.
Kd3 Kf7 34. Kc3 Bd5 35. Kb4 Ke6 36. Ka5 Kf7 37. Rb4 Ke8 38. Kb6 Kd8 39. h4 g6
40. Rg4 Be6 41. Rf4 f5 42. Rd4 Kc8 43. Rd3 Bd5 44. Re3 Bf7 45. g4 fxg4 46. fxg4
h6 47. Rf3 h5 48. g5 Kd8 49. Ka7 Kc8 50. Rf2 Kd8 51. Kb8 b6 52. cxb6 Rxd6 53.
Rxf7 c5 54. b7 Ke8 55. Kc7 Rd8 56. Rh7 1-0

[Event "C.to Regionale Valle d'Aosta"]
[Site "Sarre ITA"]
[Date "2009.11.28"]
[Round "3"]
[White "Marguerettaz, Davy"]
[Black "Guerrieri, Lorenzo"]
[Result "1/2-1/2"]
[WhiteElo "2072"]
[BlackElo "2199"]
[PlyCount "65"]
[EventDate "2009.11.27"]

1. e4 e5 2. Bc4 Nf6 3. d4 exd4 4. Nf3 Nc6 5. O-O Bc5 6. e5 d5 7. exf6 dxc4 8.
fxg7 Rg8 9. Re1+ Be6 10. Bg5 Qd5 11. Nc3 Qf5 12. Ne4 Be7 13. Bxe7 Kxe7 14. Nxd4
Nxd4 15. Qxd4 Rad8 16. Qxa7 Rxg7 17. Qxb7 Rd7 18. Qb4+ Ke8 19. a4 Rg4 20. Ng3
Qxc2 21. Qc3 Qxc3 22. bxc3 c6 23. Reb1 Ra7 24. Rb8+ Ke7 25. a5 Rg5 26. a6 Rb5
27. Rh8 Rb3 28. Rxh7 Rxc3 29. Rh5 Rb3 30. Rha5 Bd5 31. Nf5+ Kf6 32. Nd4 Rb6 33.
f3 1/2-1/2

[Event "C.to Regionale Valle d'Aosta"]
[Site "Sarre ITA"]
[Date "2009.11.28"]
[Round "3"]
[White "Yeuillaz, Corrado"]
[Black "Pierantoni, Mauro"]
[Result "1-0"]
[WhiteElo "2200"]
[BlackElo "1727"]
[PlyCount "107"]
[EventDate "2009.11.27"]

1. e4 e6 2. Qe2 Be7 3. Nf3 d5 4. d3 d4 5. g3 Nc6 6. Bg2 e5 7. h3 Be6 8. O-O Qd7
9. Kh2 h5 10. Ng5 Bxg5 11. Bxg5 f6 12. Bc1 g5 13. f4 Qg7 14. f5 Bd7 15. Nd2 Nh6
16. Nb3 Nf7 17. c3 O-O-O 18. Bd2 h4 19. g4 Qf8 20. Rfd1 Qd6 21. Be1 b6 22. Kh1
Kb8 23. Bf2 Bc8 24. Bf1 Bb7 25. Bg1 Rd7 26. a3 Rhd8 27. Qc2 Qe7 28. c4 Ka8 29.
Nd2 Nb8 30. b4 c5 31. b5 Rc7 32. a4 Nd7 33. a5 Nd6 34. Bg2 Kb8 35. Ra4 Rcc8 36.
Rda1 Kc7 37. Nb3 Ne8 38. Bf2 Qd6 39. Be1 Ra8 40. R1a2 Rdb8 41. Qd1 Kd8 42. Qa1
Nc7 43. Bd2 Ke7 44. Qc1 Kf8 45. Qa1 Kf7 46. Nc1 Kg7 47. Ne2 Kf7 48. Ng1 Nf8 49.
Nf3 Nh7 50. Qe1 Rh8 51. axb6 axb6 52. Ra7 Rxa7 53. Rxa7 Ra8 54. Rxb7 1-0

[Event "C.to Regionale Valle d'Aosta"]
[Site "Sarre ITA"]
[Date "2009.11.29"]
[Round "4"]
[White "Ciuffoletti, Paolo"]
[Black "Marguerettaz, Davy"]
[Result "1/2-1/2"]
[WhiteElo "2190"]
[BlackElo "2072"]
[PlyCount "53"]
[EventDate "2009.11.27"]

1. e4 c5 2. d4 cxd4 3. c3 Nf6 4. e5 Nd5 5. Qxd4 e6 6. Bc4 Nc6 7. Qe4 Nde7 8.
Nf3 Ng6 9. O-O Qc7 10. Bf4 Nxf4 11. Qxf4 d6 12. Bb5 Bd7 13. Bxc6 Bxc6 14. Nbd2
dxe5 15. Qxe5 Bd6 16. Qe3 O-O 17. Rfe1 Rfd8 18. Nf1 b6 19. Nd4 Bc5 20. Rad1 Rd5
21. b4 Bxd4 22. Rxd4 Rxd4 23. cxd4 Qd6 24. Rc1 Bd5 25. a3 h6 26. Qe5 Qxe5 27.
dxe5 1/2-1/2

[Event "C.to Regionale Valle d'Aosta"]
[Site "Sarre ITA"]
[Date "2009.11.29"]
[Round "4"]
[White "Guerrieri, Lorenzo"]
[Black "Yeuillaz, Corrado"]
[Result "1/2-1/2"]
[WhiteElo "2199"]
[BlackElo "2200"]
[PlyCount "57"]
[EventDate "2009.11.27"]

1. e4 d5 2. exd5 Qxd5 3. Nc3 Qd6 4. Ne4 Qb6 5. Nf3 Bg4 6. Bc4 e6 7. h3 Bh5 8.
c3 Nd7 9. d4 Ngf6 10. Nxf6+ Nxf6 11. Qe2 Be7 12. Bf4 Bxf3 13. Qxf3 O-O 14. O-O
Rfd8 15. Qe2 h6 16. Rad1 Bd6 17. Bc1 c5 18. Qf3 cxd4 19. Rxd4 e5 20. Rdd1 e4
21. Qf5 Rac8 22. Qb5 Qc7 23. Bb3 a6 24. Qe2 Qc5 25. Rd4 Qe5 26. g3 Bc5 27.
Rxd8+ Rxd8 28. Kg2 Qc7 29. Rd1 1/2-1/2

[Event "C.to Regionale Valle d'Aosta"]
[Site "Sarre ITA"]
[Date "2009.11.29"]
[Round "4"]
[White "Pierantoni, Mauro"]
[Black "Belabbas, Abdellah"]
[Result "1-0"]
[WhiteElo "1727"]
[BlackElo "1879"]
[PlyCount "65"]
[EventDate "2009.11.27"]

1. b4 Nf6 2. Bb2 e6 3. b5 b6 4. e3 Bb7 5. Nf3 d6 6. Be2 Be7 7. O-O O-O 8. c4
Nbd7 9. d4 a6 10. a4 axb5 11. axb5 Rxa1 12. Bxa1 Qa8 13. Nbd2 Ne4 14. Qc2 f5
15. Bb2 Ndf6 16. Ra1 Qb8 17. Ne1 Ng4 18. Bxg4 Nxd2 19. Bxf5 Rxf5 20. Qxd2 c5
21. Nd3 Ba8 22. dxc5 dxc5 23. f4 g5 24. Be5 Qb7 25. Qa2 Rf8 26. Qe2 Qe4 27. Ne1
Rf5 28. Ra7 Bf8 29. Qd3 gxf4 30. Qxe4 Bxe4 31. exf4 Rxe5 32. fxe5 Bh6 33. Re7
1-0

[Event "C.to Regionale Valle d'Aosta"]
[Site "Sarre ITA"]
[Date "2009.11.29"]
[Round "4"]
[White "Serrajotto, Marino"]
[Black "Scalfi, Agostino"]
[Result "1/2-1/2"]
[WhiteElo "1748"]
[BlackElo "1550"]
[PlyCount "27"]
[EventDate "2009.11.27"]

1. e4 e5 2. Nf3 Nc6 3. Bb5 a6 4. Bxc6 dxc6 5. Nc3 Bd6 6. d4 Bg4 7. dxe5 Bxf3 8.
Qxf3 Bxe5 9. O-O Qh4 10. g3 Qf6 11. Qxf6 Nxf6 12. Bd2 O-O-O 13. Rfd1 Rhg8 14.
f3 1/2-1/2

[Event "C.to Regionale Valle d'Aosta"]
[Site "Sarre ITA"]
[Date "2009.11.29"]
[Round "5"]
[White "Belabbas, Abdellah"]
[Black "Guerrieri, Lorenzo"]
[Result "0-1"]
[WhiteElo "1879"]
[BlackElo "2199"]
[PlyCount "40"]
[EventDate "2009.11.27"]

1. d4 e6 2. e4 d5 3. c4 dxe4 4. Nc3 Nf6 5. f3 Bb4 6. a3 Bxc3+ 7. bxc3 c5 8. Be3
Qa5 9. Qb3 cxd4 10. Bxd4 e5 11. Be3 O-O 12. Be2 Nc6 13. Kf2 exf3 14. gxf3 e4
15. h3 exf3 16. Bxf3 Re8 17. c5 Ne5 18. Bd4 Nxf3 19. Nxf3 Ne4+ 20. Kg2 Qc7 0-1

[Event "C.to Regionale Valle d'Aosta"]
[Site "Sarre ITA"]
[Date "2009.11.29"]
[Round "5"]
[White "Marguerettaz, Davy"]
[Black "Serrajotto, Marino"]
[Result "1/2-1/2"]
[WhiteElo "2072"]
[BlackElo "1748"]
[PlyCount "43"]
[EventDate "2009.11.27"]

1. Nf3 d5 2. g3 Nf6 3. Bg2 b6 4. O-O Bb7 5. d3 e6 6. Nbd2 c5 7. Re1 Be7 8. e4
dxe4 9. Ng5 Qc7 10. Ndxe4 Nbd7 11. Nxf7 Bxe4 12. Bxe4 Kxf7 13. Bxa8 Rxa8 14.
Qf3 Rf8 15. Bf4 e5 16. Bd2 Kg8 17. Bc3 Bd6 18. a4 a5 19. Re3 Re8 20. Rae1 Nf8
21. h4 h5 22. Qf5 1/2-1/2

[Event "C.to Regionale Valle d'Aosta"]
[Site "Sarre ITA"]
[Date "2009.11.29"]
[Round "5"]
[White "Scalfi, Agostino"]
[Black "Pierantoni, Mauro"]
[Result "0-1"]
[WhiteElo "1550"]
[BlackElo "1727"]
[PlyCount "45"]
[EventDate "2009.11.27"]

1. e4 e6 2. d4 d5 3. Nc3 c5 4. exd5 exd5 5. Bb5+ Nc6 6. Nf3 Bg4 7. h3 Bh5 8.
O-O Nf6 9. Bg5 Be7 10. dxc5 d4 11. Bxf6 Bxf6 12. Ne4 O-O 13. Qd3 Ne5 14. Nxe5
Bxe5 15. f4 Bc7 16. g4 f5 17. Ng3 fxg4 18. Nxh5 Qh4 19. hxg4 Qxg4+ 20. Ng3 Rxf4
21. Rxf4 Bxf4 22. Kg2 h5 23. Qf5 0-1

[Event "C.to Regionale Valle d'Aosta"]
[Site "Sarre ITA"]
[Date "2009.11.29"]
[Round "5"]
[White "Yeuillaz, Corrado"]
[Black "Ciuffoletti, Paolo"]
[Result "1-0"]
[WhiteElo "2200"]
[BlackElo "2190"]
[PlyCount "87"]
[EventDate "2009.11.27"]

1. d4 d5 2. c4 c6 3. Nc3 Nf6 4. e3 a6 5. Nf3 b5 6. cxd5 cxd5 7. Bd3 e6 8. O-O
Bd6 9. e4 dxe4 10. Nxe4 Be7 11. Bf4 Bb7 12. Qe2 O-O 13. Rfd1 Nbd7 14. Nc5 Bd5
15. b4 Bxf3 16. Qxf3 Nd5 17. Qh3 N7f6 18. Be5 h6 19. a3 Bxc5 20. dxc5 Nd7 21.
Bd6 Re8 22. Qf3 Qg5 23. g3 Ne5 24. Bxe5 Qxe5 25. Be4 Rad8 26. Bxd5 exd5 27. Ra2
Re7 28. Rad2 Red7 29. Rd4 Qe6 30. Kg2 g6 31. h3 Kg7 32. R1d3 Qf6 33. Qd1 Qe6
34. Re3 Qf6 35. Rf4 Qb2 36. Rd4 h5 37. Red3 Qa2 38. Qe1 Qb2 39. Qe5+ Kh7 40.
Qf6 Re8 41. Qf3 Re5 42. Rxd5 Rf5 43. Rxd7 Rxf3 44. Rxf3 1-0

[Event "III Weekend A"]
[Site "Recco ITA"]
[Date "2009.11.29"]
[Round "5"]
[White "Mollero, Michele"]
[Black "De Filomeno, Simone"]
[Result "1-0"]
[WhiteElo "2181"]
[BlackElo "2234"]
[PlyCount "69"]
[EventDate "2009.11.27"]

1. d4 d5 2. c4 e6 3. Nc3 c6 4. Nf3 dxc4 5. a4 Bb4 6. e4 b5 7. Be2 Nf6 8. Qc2
Nbd7 9. O-O Bxc3 10. bxc3 O-O 11. e5 Nd5 12. Ng5 g6 13. h4 N7b6 14. Ne4 Qc7 15.
Bg5 Nd7 16. h5 Ba6 17. axb5 Bxb5 18. Bf3 Rab8 19. Rfe1 c5 20. Nxc5 Nxc5 21.
dxc5 Qxc5 22. Bxd5 Qxd5 23. Rad1 Qc5 24. Bf6 Rb6 25. Qc1 Rfb8 26. Rd6 Qc8 27.
Rd4 Qf8 28. Red1 Re8 29. Qf4 a5 30. hxg6 fxg6 31. Rd7 Bxd7 32. Rxd7 Reb8 33.
Qh4 h6 34. Qg4 g5 35. Qe4 1-0

[Event "III Weekend A"]
[Site "Recco ITA"]
[Date "2009.11.29"]
[Round "5"]
[White "Vuelban, Virgilio"]
[Black "Pomaro, Alberto"]
[Result "0-1"]
[WhiteElo "2356"]
[BlackElo "2367"]
[PlyCount "68"]
[EventDate "2009.11.27"]

1. d4 d5 2. c4 e6 3. Nc3 c6 4. Nf3 dxc4 5. a4 Bb4 6. e4 b5 7. Be2 Bb7 8. O-O a6
9. Qc2 Ne7 10. e5 h6 11. Ne4 Nd5 12. Ng3 Nd7 13. Qe4 Qe7 14. Bd2 Bxd2 15. Nxd2
c5 16. dxc5 Nxc5 17. Qg4 O-O 18. axb5 axb5 19. Nde4 Nxe4 20. Nxe4 f5 21. exf6
Nxf6 22. Nxf6+ Qxf6 23. Rad1 Rad8 24. f4 Rxd1 25. Rxd1 Bd5 26. Bf3 Bxf3 27.
gxf3 Qxf4 28. Qxe6+ Kh8 29. Rf1 Qd4+ 30. Kh1 Qxb2 31. Qe7 Rf5 32. Qe8+ Kh7 33.
Qe4 Qe5 34. Qc2 Qd5 0-1